| 000 | 01012cam a2200301 i 4500 | ||
|---|---|---|---|
| 999 |
_c4297 _d4297 |
||
| 003 | OSt | ||
| 005 | 20200309122956.0 | ||
| 008 | 160822s2015 ii a 000 0aeng | ||
| 010 | _a 2016330803 | ||
| 020 | _a9789385360626 | ||
| 025 | _aI-E-2016330803 | ||
| 037 | _bLibrary of Congress -- New Delhi Overseas Office | ||
| 040 |
_aDLC _beng _cDLC _erda _dDLC |
||
| 042 |
_alcode _apcc |
||
| 043 | _aa-ii--- | ||
| 050 | 0 | 0 |
_aNA1510.D67 _bD67 2015 |
| 082 |
_a720.92 _bDOS |
||
| 100 | 1 |
_aDoshi, Balkrishna V., _eauthor. |
|
| 245 | 1 | 0 |
_aPaths uncharted / _cBalkrishna Doshi. |
| 300 |
_a439 pages : _billustrations ; _c21 cm |
||
| 600 | 1 | 0 | _aDoshi, Balkrishna V. |
| 650 | 0 |
_aArchitects _zIndia _vBiography. |
|
| 650 | 0 |
_aArchitectural drawing _zIndia. |
|
| 710 | 2 |
_aVastu-Shilpa Foundation for Studies and Research in Environmental Design, _ecopyright holder, _epublisher. |
|
| 906 |
_a7 _bcbc _corigode _d3 _encip _f20 _gy-gencatlg |
||
| 942 | _2ddc | ||